01190nam a2200277 a 450000100060000000300080000600500170001400800410003102000150007203500190008704000340010604100080014008200240014824502410017225000170041326000560043030000300048650400660051665000220058270000430060470000460064770000390069394200120073299900170074495201510076177000BD-RjUL20211209082920.0200212r19911993enka b 001 0 eng c a0500276285 a(BD-RjUL)77224 aDLC/MHcMHdDLCdBD-RjULbeng aeng 223a294.3bWOR 199304aThe world of Buddhism :bBuddhist monks and nuns in society and culture : with 297 illustrations, 82 in colour, 215 photographs, drawings and maps /ctexts by Richard Gombrich ... [et al.] ; edited by Heinz Bechert and Richard Gombrich. a1st pbk. ed. aLondon :bThames and Hudson,c1991 [Reprinted 1993] a308 p. :bill. ;c30 cm. aIncludes bibliographical references (p. 293-[296]) and index. 0aBuddhism.92392901 aGombrich, Richard ... [et al.]92392931 aBechert, Heinz,d1932-2005. , ed.92392921 aGombrich, Richard, jt. ed.9239294 2ddccBK c77000d77000 00102ddc40718NFICaRUCLbRUCLcReadingd1996-06-22eDhakaa, Ideal Libraryg897.00l0o294.3 WOR 1993r2020-02-12 00:00:00tC-1w2020-02-12yBK